[Event "Niedersachsen-chT U16"]
[Site "Rotenburg"]
[Date "2000.06.18"]
[Round "6.4"]
[White "Fimmen, Malte"]
[Black "Porten, Andreas"]
[Result "1-0"]
[WhiteElo "1248"]
[BlackElo "521"]
[PlyCount "101"]
[EventDate "2000.06.16"]
[EventType "team"]
[EventRounds "7"]
[EventCountry "GER"]
[SourceTitle "EXT 2003"]
[Source "ChessBase"]
[SourceDate "2002.11.25"]
[SourceVersion "1"]
[SourceVersionDate "2002.11.25"]
[SourceQuality "1"]

1. e4 e5 2. Bc4 Nf6 3. d4 Bd6 4. Bg5 c6 5. Nf3 h6 6. Bxf6 Qxf6 7. dxe5 Bxe5 8. Nxe5 Qxe5 9. Nc3 b5 10. Bd3 b4 11. Ne2 Qxb2 12. 0-0 Ba6 13. Qb1 Qxb1 14. Raxb1 c5 15. Bxa6 Nxa6 16. Rfd1 Rd8 17. Rd6 Nc7 18. c3 a5 19. cxb4 Rb8 20. Rbd1 0-0 21. Rxd7 Nb5 22. bxc5 Na3 23. R7d2 Nc4 24. Rc2 Rb4 25. c6 Nb6 26. c7 Rxe4 27. Kf1 Rc4 28. Rxc4 Nxc4 29. Rd8 Nb6 30. Rb8 Nc8 31. Nc3 f6 32. Nd5 Na7 33. Nb6 Kf7 34. Ke2 Ke7 35. Kd3 Kd6 36. Rxf8 Kxc7 37. Nd5+ Kc6 38. Rf7 Kxd5 39. Rxa7 Ke6 40. Rxg7 Ke5 41. Rg6 a4 42. Rxh6 a3 43. Ke3 Kf5 44. g4+ Kxg4 45. Rxf6 Kh3 46. Rg6 Kh4 47. f4 Kh5 48. f5 Kh4 49. Kf4 Kh5 50. h3 Kh4 51. Rh6# 1-0

[Event "Niedersachsen-chT U16"]
[Site "Rotenburg"]
[Date "2000.06.18"]
[Round "5.4"]
[White "Porten, Andreas"]
[Black "Lambertus, Ruben"]
[Result "0-1"]
[WhiteElo "521"]
[BlackElo "1218"]
[PlyCount "68"]
[EventDate "2000.06.16"]
[EventType "team"]
[EventRounds "7"]
[EventCountry "GER"]
[SourceTitle "EXT 2003"]
[Source "ChessBase"]
[SourceDate "2002.11.25"]
[SourceVersion "1"]
[SourceVersionDate "2002.11.25"]
[SourceQuality "1"]

1. e4 c5 2. Nc3 e6 3. Nf3 d6 4. d3 Be7 5. d4 cxd4 6. Nxd4 a6 7. Bd3 Nf6 8. f4 e5 9. fxe5 dxe5 10. Nf5 0-0 11. 0-0 Bc5+ 12. Be3 Bxe3+ 13. Nxe3 Be6 14. Qf3 Nc6 15. Ne2 Nd4 16. Nxd4 Qxd4 17. c3 Qxd3 18. Rfd1 Qxe4 19. Qxe4 Nxe4 20. Nd5 Rfd8 21. c4 Rab8 22. Re1 Bxd5 23. cxd5 f5 24. Rad1 Rd6 25. Re3 Rbd8 26. g4 g6 27. gxf5 gxf5 28. Red3 Nf6 29. Rg3+ Kf7 30. Kh1 Rxd5 31. Rdg1 Rg8 32. Rxg8 Nxg8 33. h3 e4 34. Rg5 e3 0-1